000 00461cam a2200181ua 4500
020 _c300.00
041 _aeng
_h
082 _a371.271
_bSUB/BA
100 _aSubburaj, V.V.K .
245 _aBank probationary officer`s exam /
_cV.V.K Subburaj.
_hTextual Documents
260 _aMadras :
_bSura college of competition ,
_c2008.
300 _a ; .
365 _a300.00
504 _a
942 _cBK
999 _c13541
_d13541